000 00489nam a2200181Ia 4500
005 20250423100818.0
008 250422s9999 xx 000 0 und d
020 _a9781555633028
050 _aTN 871 .S93/
100 _aSydansk, Robert D.
245 0 _aReservoir conformance improvement
260 _aTexas
260 _bSociety of Petroleum Engineers
260 _c2011
300 _a138 p
650 _a Oil reservoir engineering. Hydrocarbon reservoirs.
942 _cBK
999 _c34415
_d34415